| 000 | 00655cam a22002172 4500 | ||
|---|---|---|---|
| 001 | 0000018929 | ||
| 005 | 20151217152140.0 | ||
| 008 | 100816s xx 000 0 eng d | ||
| 020 | _a0199217700 : | ||
| 040 |
_aKABU _cKABU |
||
| 100 | 1 |
_aBrownlie, Ian. _@0000178414 |
|
| 245 | 1 | 0 |
_aPrinciples of public international law / _cIan Brownlie. |
| 250 | _a7th ed. | ||
| 260 |
_aOxford : _bO. U. P., _c2008. |
||
| 300 | _ali, 784 p. | ||
| 650 | 0 |
_aInternational law. _@0000158696 |
|
| 852 | 1 | _9p3900 KES | |
| 852 | 1 | _9p3900 KES | |
| 908 | _a100816 | ||
| 950 | _@1 | ||
| 999 |
_c8716 _d8716 |
||